Genetics for dog breeders /

Bibliographic Details
Main Author: Robinson, Roy
Format: Book
Language:English
Published: Oxford ; New York : Pergamon Press, 1990.
Edition:Second edition.
Subjects:

MARC

Tag First Indicator Second Indicator Subfields
LEADER 00000cam a22000008a 4500
001 in00004472933
005 20211013144229.0
008 900125s1990 enka b 00110 eng
010 |a  90006794  
020 |a 0080374921 :  |c $33.00 (U.S.) 
035 |z (UtOrBLW)13532 
035 |a 24109 
040 |a DLC  |c DLC  |d TMV  |d UtOrBLW 
049 |a TMVM 
060 4 |a SF 427.2  |b R663g 1990 
100 1 |a Robinson, Roy. 
245 1 0 |a Genetics for dog breeders /  |c by Roy Robinson. 
250 |a Second edition. 
264 1 |a Oxford ;  |a New York :  |b Pergamon Press,  |c 1990. 
300 |a vii, 280 pages :  |b illustrations ;  |c 24 cm. 
336 |a text  |2 rdacontent  |b txt 
337 |a unmediated  |2 rdamedia 
338 |a volume  |2 rdacarrier  |b nc 
504 |a Includes bibliographical references (pages 261-273) and index. 
650 2 |a Breeding. 
650 2 |a Dogs  |x genetics. 
999 |a MARS 
999 f f |s eafe8925-9f1d-3bfc-b2d9-955015bb44a2  |i d2510a3b-ddd5-3f4a-a6ec-12f3c92a2aca  |t 0 
952 f f |p preservation  |a Texas A&M University  |b J.J. Pickle Campus  |c High Density Repository  |d Remote Storage  |t 0  |e SF 427.2 R663g 1990  |h National Library of Medicine classification  |i unmediated -- volume  |m 3238901089325 
998 f f |a SF 427.2 R663g 1990  |t 0  |l Remote Storage